Rast cien bude pokračovať

Vývoj cien v roku 2011 a porovnanie s rovnakým obdobím roku 2010. Faktory, ktoré ovplyvnili rast cien. Dynamika rastu cien. Prognóza rastu cien. Vývoj inflácie v roku 2011. Vývoj tržieb vo veľkoobchode a maloobchode v roku 2011.

Na minha lista:
Detalhes bibliográficos
Formato: Capítulo de Livro
Idioma:eslovaco
Assuntos:
Tags: Adicionar Tag
Sem tags, seja o primeiro a adicionar uma tag!

MARC

LEADER 00000naa a2200000 4500
001 0143633
005 20231109070233.9
041 0 |a slo 
044 |a SK 
245 1 0 |a Rast cien bude pokračovať 
520 |a Vývoj cien v roku 2011 a porovnanie s rovnakým obdobím roku 2010. Faktory, ktoré ovplyvnili rast cien. Dynamika rastu cien. Prognóza rastu cien. Vývoj inflácie v roku 2011. Vývoj tržieb vo veľkoobchode a maloobchode v roku 2011. 
610 2 0 |a ceny 
610 2 0 |a vývoj cenový 
610 2 0 |a inflácia 
610 2 0 |a maloobchod 
610 2 0 |a veľkoobchod 
610 2 0 |a Slovensko 
610 2 0 |a 2011